Central Library || Chittagong University

ইসলাম ও হিন্দু ধর্ম / (Record no. 109196)

MARC details
000 -LEADER
fixed length control field 00764nam a22001817a 4500
003 - CONTROL NUMBER IDENTIFIER
control field BD-ChCU
005 - DATE AND TIME OF LATEST TRANSACTION
control field 20251109104411.0
008 - FIXED-LENGTH DATA ELEMENTS--GENERAL INFORMATION
fixed length control field 251109b bg ||||| |||| 00| 0 ben d
020 ## - INTERNATIONAL STANDARD BOOK NUMBER
International Standard Book Number 9789848153832
040 ## - CATALOGING SOURCE
Transcribing agency BD-ChCU
082 ## - DEWEY DECIMAL CLASSIFICATION NUMBER
Classification number ২১০ আল ৫৫ ই
100 ## - MAIN ENTRY--PERSONAL NAME
Personal name আলম, এ.জেড. এম.শামসুল
9 (RLIN) 15678
245 ## - TITLE STATEMENT
Title ইসলাম ও হিন্দু ধর্ম /
Statement of responsibility, etc. এ.জেড. এম.শামসুল আলম
260 ## - PUBLICATION, DISTRIBUTION, ETC.
Place of publication, distribution, etc. ঢাকা:
Name of publisher, distributor, etc. ইতিহাস সংকলন প্রণয়ন ও গবেষণা সংস্থা,
Date of publication, distribution, etc. c২০১৭
300 ## - PHYSICAL DESCRIPTION
Extent ৪৪৬ পৃষ্ঠা.
650 #0 - SUBJECT ADDED ENTRY--TOPICAL TERM
Topical term or geographic name entry element ধর্ম- ইসলাম ও হিন্দু ধর্ম
9 (RLIN) 15680
942 ## - ADDED ENTRY ELEMENTS (KOHA)
Source of classification or shelving scheme Dewey Decimal Classification
Koha item type Books
Suppress in OPAC No
Holdings
Withdrawn status Lost status Source of classification or shelving scheme Damaged status Not for loan Home library Current library Shelving location Date acquired Total Checkouts Full call number Barcode Date last seen Price effective from Koha item type
    Dewey Decimal Classification     Chittagong University Library Chittagong University Library Arts and Humanities Reading Room 11/28/2022   ২১০ আল ৫৫ ই 317513 11/09/2025 11/09/2025 Books
© Copyright 2025. Chittagong University Library, Installation and Maintenance by Prof. Dr. Md. Alamgir, 01711306253